| 000 | 00762 a2200229 4500 | ||
|---|---|---|---|
| 999 |
_c5477 _d5477 |
||
| 020 | _a086922784X | ||
| 050 | 0 | 0 | _aR121DUR2004 |
| 245 | 0 | 0 |
_aDuramazwi reurapi neutano / _cNomalanga Mpofu ... [et al.]. |
| 264 |
_aZimbabwe: _bMambo Press, _c2004 |
||
| 300 |
_axiv, 106 p. : _bill. ; |
||
| 500 | _aincludes index | ||
| 504 | _aIncludes bibliographical references (p. vii). | ||
| 650 | 0 |
_aMedicine _xShona. |
|
| 650 | 0 |
_aShona language _xEnglish. |
|
| 700 | 1 |
_aMpofu, Nomalanga. _eauthor |
|
| 700 | 1 |
_aChimhundu Herbert _eauthor |
|
| 700 | 1 |
_aMangoya Esau _eauthor |
|
| 700 | 1 |
_aChabata Emmanuel _eauthor |
|
| 710 | 2 | _aALLEX Project (University of Zimbabwe) | |
| 942 |
_2lcc _cBK _h121 _iDUR _kR |
||